000 00614nam a2200229Ia 4500
003 OSt
005 20220928124112.0
006 a|||||r|||| 00| 0
007 ta
008 220927b |||||||| |||| 00| 0 eng d
024 _a61963
037 _cTextual
040 _aSDCL
_cSDCL
_beng
041 _2eng
_aeng
082 _aD6526,2:(C52), M1
100 _aAdams M J
_9463374
245 0 _aIntroduction to optical waveguides
260 _aChichester
_bJohn Wiley and Sons
_c1981
300 _axv,401p
_ccm.
942 _hD6526,2:(C52), M1
_cTEXL
_2CC
999 _c776290
_d776290